000
00220nam a2200097Ia 4500
008
190216s9999||||xx |||||||||||||| ||und||
100
_a
Jerome K Jerome
245
0
_a
Three Man On The Bummel
260
_b
Null
942
_c
BK
999
_c
11780
_d
11780